000 00308nam a22001337a 4500
008 180111b xxu||||| |||| 00| 0 eng d
020 _a0819105716
041 _aeng
080 _a821
100 _a21
101 _aGJL
245 _aLocke's Theory of Sensitive Knowledge
_cSquadrito, K.M
942 _2udc
_cBK
999 _c40081
_d40081